01554nas a2200409 i 450000100060000000300080000600500170001400600190003100700150005000800410006502200140010603500220012004000310014205000190017308000100019208200190020224500500022126400630027130000410033431000140037533600310038933700330042033800430045336200490049658801280054559001640067365000340083765000320087165000220090365000220092565000310094765500290097870000390100779700190104685600620106599900170112755186FlNmELB20241216232734.0m o d | cr cnu||||||||171117c20139999ck fr p o 0 b0spa d a1794-3159 a(OCoLC)1105878112 aFINmELBbspaerdacFINmELB 4aH1bP7662 2013 a3(05)0 a300.5 (60)22300aPoliantea /cdirectora Mireya Barón Pulido. 1aBogotá :bEditorial Politécnico Grancolombiano,c2013. a1 recurso en línea (245 páginas) aSemestral atextobtxt2rdacontent/spa acomputadorabc2rdamedia/spa arecurso en líneabcr2rdacarrier/spa0 avol, 9. no.17, julio-diciembre 2013 (2013) - aDescripción basada en recurso en línea; Título de la página del título en PDF (e-libro, visto November 17, 2017). aRecurso electrónico. Santa Fe, Arg.: e-libro, 2017. Disponible vía World Wide Web. El acceso puede estar limitado para las bibliotecas afiliadas a e-libro. 0aSocial sciencesvPeriodicals. 0aCommunicationvPeriodicals. 0aArtvPeriodicals. 4aCiencas sociales. 4aPublicación periódica. 4aRevistas electrónicas.1 aBarón Pulido, Mireya,edirector.2 ae-libro, Corp.40uhttps://elibro.net/ereader/politecnicointernacional/83706 c55186d55186